Statistics for Aly Michalka Filmography

Click here to take the quiz!

General Stats

  • This quiz has been taken 3 times
  • The average score is 3 of 28

Answer Stats

TypeYearName% Correct
TV Show2015-2019iZombie
67%
TV Show2004-2006Phil of the Future
33%
Film2011The Roommate
33%
Film2015Weepah Way for Now
33%
TV Film2005Now You See It...
33%
Film2013Grown Ups 2
33%
TV Film2006Cow Belles
33%
TV Special2007Aly & AJ: Sister Act
33%
TV Pilot2006Haversham Hall
0%
TV Show2018Celebrity Family Feud
0%
TV Show2018Hell's Kitchen
0%
Web Series2017-2019Ryan Hansen Solves Crimes on Television
0%
TV Show2017, 2021MacGyer
0%
Film2017The Lears
0%
TV Show2016Cupcake Wars Celebrity
0%
TV Pilot2015Chevy
0%
TV Show2014Anger Management
0%
Film2009Bandslam
0%
Film2014Sequoia
0%
TV Show2013-2014Two and a Half Men
0%
TV Show2007Punk'd
0%
Film2013Crazy Kind of Love
0%
TV Show2012Breaking In
0%
TV Show2011CSI: NY
0%
TV Film2007Super Sweet 16: The Movie
0%
TV Show2010-2011Hellcats
0%
Film2010Easy A
0%
FilmTBAKilling Winston Jones
0%

Score Distribution

Percentile by Number Answered

Percent of People with Each Score

Your Score History

You have not taken this quiz